घरगुती अपघात (Record no. 309623)

MARC details
000 -LEADER
fixed length control field 00508nam a2200169Ia 4500
008 - FIXED-LENGTH DATA ELEMENTS--GENERAL INFORMATION
fixed length control field 090711s9999 xx 000 0 und d
082 ## - DEWEY DECIMAL CLASSIFICATION NUMBER
Item number 77418
100 ## - MAIN ENTRY--PERSONAL NAME
Personal name सरदेसाई गो. बा.
245 ## - TITLE STATEMENT
Title घरगुती अपघात
260 ## - PUBLICATION, DISTRIBUTION, ETC. (IMPRINT)
Date of publication, distribution, etc 1994
300 ## - PHYSICAL DESCRIPTION
Extent 71
600 ## - SUBJECT ADDED ENTRY--PERSONAL NAME
Personal name सरदेसाई गो. बा.
630 ## - SUBJECT ADDED ENTRY--UNIFORM TITLE
Uniform title घरगुती अपघात
700 ## - ADDED ENTRY--PERSONAL NAME
Personal name सरदेसाई गो. बा.
730 ## - ADDED ENTRY--UNIFORM TITLE
Uniform title घरगुती अपघात
942 ## - ADDED ENTRY ELEMENTS (KOHA)
Koha item type Book
Holdings
Withdrawn status Lost status Damaged status Not for loan Home library Current library Date acquired Cost, normal purchase price Total Checkouts Full call number Barcode Date last seen Cost, replacement price Price effective from Koha item type
        Dadar Sarvajanik Vachanalaya, Dardar Dadar Sarvajanik Vachanalaya, Dardar 07/11/2009 22.00   77418 DASAVA-77418 07/11/2009 22.00 07/11/2009 Book